| 000 | nam a22 a 4500 | ||
|---|---|---|---|
| 999 |
_c167570 _d167570 |
||
| 003 | BLK | ||
| 005 | 20220701164029.0 | ||
| 008 | 180411b bul|||||r ||||||| ||bul|| | ||
| 010 | _aKNG00175381000 | ||
| 040 | _aBLK | ||
| 041 |
_aBUL _cBUL |
||
| 072 | 7 |
_2bullib _aК _xКраезнание |
|
| 080 |
_aСелскостопански предприятия. Земевладения _b631.11 _x(497.21-22) _z631.11(497.21-22) |
||
| 100 | 1 |
_aБотев, Пеньо _eпърви автор _9330494 |
|
| 139 |
_aБотев, Пеньо и др. _bБ 70 |
||
| 245 | 1 | 0 |
_aПо сигурен път _bПо случай 20-год. юбилей на ТКЗС "Клемент Готвалд" - с. Острица, Русенско : 1947-1967 _cПеньо Ботев; съавт. Ас. Цонев. |
| 257 | _aBGR | ||
| 260 |
_aб.м. _bТКЗС Клемент Готвалд _c1967 _fРусе : печ. Дунав |
||
| 300 |
_a80 с. _bс портр., ил. _c19 см |
||
| 380 | _a63 | ||
| 500 | _aИзд. на Общ. парт. к-т, ТКЗС Клемент Готвалд. УС - с. Острица, Русенско. | ||
| 650 | 4 |
_aТКЗС _9317776 |
|
| 651 | 4 |
_aОстрица _9179318 |
|
| 651 | 4 |
_aРусенско _9179464 |
|
| 653 | _aТКЗС | ||
| 653 | _aОстрица | ||
| 659 | _aК | ||
| 700 | 1 |
_aЦонев, Ас. _eсъавт. _9330496 |
|
| 852 |
_aЦб 57228 _bЦб |
||
| 852 | _aК 63/Б 70 П | ||
| 856 | 4 | _qpdf | |
| 856 | 4 | _qpdf | |
| 942 |
_cKNG _n0 _s1 |
||
| 944 |
_aCR _c15.05.2015 _l15.05.2015 - от С1,Р / 15.05.2015 _kВаля_Йорданова |
||
| 944 |
_aED _c29.07.2015 _l15.05.2015 - от С1,Р / 15.05.2015 _kВаля_Йорданова |
||